Nákladná preprava II : učebnica pre 2. ročník stredných odborných učilíšť, učebný odbor 04-86-2 železničiar /

Hlavní autor: Veselý, Josef
Další autoři: Beladová, Eva
Jazyk: Slovenština
Vydáno: Praha : Nakladatelství dopravy a spojů, 1986
Vydání: 1. vyd.
Témata:
Fyzický popis: 133 s.
Knihy
Uloženo v:
LEADER 01068nam a22002772a 4500
001 000233495
003 CZ BrMZK
005 20071005105955.0
007 ta
008 970103s1986 xr f slo d
040 |a BOA001  |b cze 
041 1 |a slo  |h cze 
080 9 |a 656.2.073 
100 1 |a Veselý, Josef  |7 jk01142186  |4 aut 
245 1 0 |a Nákladná preprava II :  |b učebnica pre 2. ročník stredných odborných učilíšť, učebný odbor 04-86-2 železničiar /  |c Josef Veselý, Eva Beladová 
250 |a 1. vyd. 
260 |a Praha :  |b Nakladatelství dopravy a spojů,  |c 1986 
300 |a 133 s. 
500 |a Přeloženo z češtiny 
700 1 |a Beladová, Eva  |7 mzk2010566639  |4 aut 
910 |a BOA001  |b TK-A-0230.507,2  |b 4-0896.802,2 
964 |a Doprava železniční nákladní - učebnice - školy učňovské 
990 |a BK 
991 |b 200710 
996 7 |b 2629997521  |c TK-A-0230.507,2  |l MZK  |r Sklad / do 24 hodin  |n 0  |w 000233495  |u 000010  |a 1  |e BOA001  |j MZK50  |s A 
996 6 |b BC-486044  |c 4-0896.802,2  |l MZK  |r Sklad / do 1 hodiny  |n 0  |w 000233495  |u 000020  |a 1  |e BOA001  |j MZK50  |s P